It looks like you're offline.
Open Library logo
additional options menu

MARC Record from Scriblio

Record ID marc_records_scriblio_net/part17.dat:174394958:651
Source Scriblio
Download Link /show-records/marc_records_scriblio_net/part17.dat:174394958:651?format=raw

LEADER: 00651nam 2200181 a 4500
001 84253299
003 DLC
005 19851031000000.0
008 841219s1984 mx f10000 spa
010 $a 84253299
050 0 $aHB849$b.C64 1984
245 03 $aLa Conferencia Internacional de Población, 1984.
260 0 $aMéxico :$bConsejo Nacional de Población,$c[1984]
300 $a20 p. ;$c21 cm.
505 0 $aAntecedentes -- Colaboración de México -- Organización de la Conferencia.
650 0 $aPopulation$xCongresses.
711 20 $aInternational Conference on Population$d(1984 :$cMexico City, Mexico)
710 20 $aConsejo Nacional de Población (Mexico)